[Event "Moscow Aeroflot op-A"]
[Site "Moscow"]
[Date "2005.02.21"]
[Round "7"]
[White "Atalik, Suat"]
[Black "Ehlvest, Jaan"]
[Result "0-1"]
[WhiteElo "2560"]
[BlackElo "2622"]
[Annotator "Atalik,S"]
[PlyCount "88"]
[EventDate "2005.02.15"]
[EventType "swiss"]
[EventRounds "9"]
[EventCountry "RUS"]
[SourceTitle "CBM 106"]
[Source "ChessBase"]
[SourceDate "2005.06.06"]
[SourceVersion "1"]
[SourceVersionDate "2005.06.06"]
[SourceQuality "1"]

1. d4 d5 2. c4 c6 3. Nc3 Nf6 4. e3 e6 5. Nf3 Nbd7 6. Bd3 dxc4 7. Bxc4 b5 8. Bd3
Bd6 $5 {Before Zviaginsev picked up this move people believed that the bishop
would have been misplaced on d6.However practice has shown that although the
move does not look harmonious with black's set up in this particular position,
white could not prove significant advantage so far.} 9. Bd2 Bb7 10. Rc1 Rc8 11.
Ng5 a6 12. Nce4 ({It was possible to introduce a maneuver a la Kozul with} 12.
Qf3 $6 Ba8 $1 13. Nce4 Be7 {and now white does not have} 14. b4 c5 $1 15. bxc5
Nxc5 16. Bb1 Ncxe4 17. Rxc8 Qxc8 18. Nxe4 Qc6 $1 $17) 12... Be7 13. b4 $1 Nd5
$6 {A risky continuation.I assume Ehlvest lost the control in the game.} (13...
c5 14. bxc5 Nxc5 15. Nxc5 Bxc5 16. O-O Bd6 17. Rxc8 Qxc8 18. Qb1 $14) (13...
Nxe4 14. Nxe4 c5 15. Nxc5 Nxc5 16. bxc5 Bxc5 17. O-O Bd6 18. Rxc8 Qxc8 19. Qb1
$14) 14. a3 $2 {I was still in between 16.Nh7 or 16.Nd6 that is why I have
included 14.a3 a5.Alas a3 pawn is a serious weakness what was the point to
give Jaan some targets in an advantegeous position.} (14. Qf3 O-O 15. Nxh7 (15.
Nd6 $2 Bxd6 16. Bxh7+ Kh8 17. e4 Bxb4 $1 $19 {is the difference between two
lines.}) 15... Nxb4 (15... f5 16. Nxf8 fxe4 17. Bxe4 (17. Nxe6 $2 exf3 18. Nxd8
fxg2 19. Rg1 Nxb4 (19... Rxd8 $2 20. Rb1 $16) 20. Bxb4 Bxb4+ 21. Ke2 Rxd8 22.
Be4 Nf6 23. Bxc6 Bc8 24. Rxg2 Be6 25. Rcg1 Bf8 $17) 17... Nxf8 18. Rb1 $16) 16.
Bb1 Re8 17. Nhg5 $1 Bxg5 18. Nd6 Qf6 19. Qe4 (19. Qxf6 Bxf6 20. Bxb4 Be7 21.
O-O Bxd6 22. Bxd6 c5 $132) 19... Nd5 20. Qh7+ Kf8 21. Nxb7 e5 22. Nc5 Nxc5 23.
dxc5 Qh6 24. h4 Qxh7 25. Bxh7 Bf6 26. Be4 $14) 14... a5 (14... h6 15. Nf3 $16 {
and Bb7 is kept locked.}) 15. Qf3 O-O 16. Nxh7 {Here I have decided to force
the game.} (16. Nd6 $5 {leads to a draw.} Bxd6 17. Bxh7+ Kh8 18. e4 $1 Be7 $1 (
18... Nf4 19. Bxf4 Bxf4 20. Qxf4 Qf6 21. Qe3 Qh6 (21... g6 22. e5 Qe7 (22...
Qg7 23. Qh3 $18) 23. h4 $18) 22. e5 f6 23. exf6 Nxf6 24. Be4 Ng4 25. Qh3 Nxf2
26. Qxh6+ gxh6 27. Rf1 hxg5 28. Rxf2 $16) (18... N5f6 $5 19. Qh3 axb4 20. e5
bxa3 21. exd6 Ra8 22. O-O $13 {White can take a draw any time he wants but the
outcome of playing for a win is unclear.}) 19. Qh5 Bxg5 20. Bf5+ Bh6 21. Bxh6
N7f6 (21... g6 $6 22. Bxg6 fxg6 23. Qh3 Rf6 24. Bg5+ Kg8 25. exd5 cxd5 (25...
exd5 $2 26. O-O Qe7 27. Rfe1 $16) 26. O-O axb4 (26... Rc4 27. bxa5 Qf8 28. Bxf6
Qxf6 29. Rfd1 $16) 27. Rxc8 Bxc8 28. axb4 $13 Qe8 29. Bxf6 Nxf6 30. Rc1 $16)
22. Bxg7+ Kxg7 23. Qg5+ $11) 16... f5 17. Nxf8 fxe4 18. Nxe6 ({I did not like} 
18. Bxe4 $6 Nxf8 19. Rb1 axb4 20. axb4 Ra8 $17 {since b4 is very weak.}) 18...
exf3 19. Nxd8 fxg2 20. Rg1 Rxd8 21. e4 $4 {A very bad move.This against all
the principles in chess.I should have never broken the phalanx.} (21. bxa5 Bxa3
(21... c5 $2 22. Bxb5 $18 cxd4 23. exd4 Bxa3 24. Rb1 $18) 22. Ra1 Bd6 23. Rxg2
Nb4 24. Bf5 Nf6 25. f3 $16) 21... N5b6 $2 {One blunder follows another.} ({
He had to play the natural} 21... Nc7 $1 22. d5 Ne5 23. Be2 Ne8 $1 (23... Na6
$6 24. Bc3 Nc4 25. Rxg2 $40) 24. Rxg2 axb4 25. f4 Nc4 26. Bxc4 bxc4 27. dxc6 (
27. Bxb4 Bxb4+ 28. axb4 cxd5 29. Rd2 Nd6 30. exd5 Kf7 $17) 27... Bxc6 28. Rxc4
Bb5 29. Rxb4 Bxb4 30. Bxb4 Rd4 $17) (21... N5f6 $6 22. Rxg2 Nf8 23. d5 cxd5 24.
Rc7 Rd7 25. Rxd7 N8xd7 26. exd5 Ne5 27. Bxb5 axb4 28. Bxb4 Bxb4+ 29. axb4 Nxd5
30. Rg3 $11) 22. bxa5 Na4 23. Bc2 {I did not want to give his Nd7 access to b6
square.} (23. a6 Ba8 (23... Bxa6 24. Rxc6 Nac5 25. Ke2 $1 (25. dxc5 Ne5 $19) (
25. Be2 Bb7 26. Rc7 Bd6 27. Rxb7 Nxb7 28. Bxb5 Bxa3 29. Bc6 Nd6 30. Bg5 Nf6 31.
Bxf6 gxf6 32. Rxg2+ $11) 25... Bb7 26. Rc7 Bd6 27. Rxb7 Nxb7 28. Bxb5 Bxa3 29.
Rxg2 $44) 24. Bc2 Ndb6 (24... Bxa3 25. Bxa4 bxa4 26. Ra1 Bb2 27. Rxa4 c5 28. d5
Re8 29. f3 Bxd5 30. Rxg2 $13 Bc6 31. Ra2 Ne5 32. Rg3 Nd3+ 33. Ke2 Bb5 34. Ra5
Bc4 35. a7 Ra8 36. f4 Nxf4+ 37. Kd1 Ne2 38. Rg5 Bd4 39. Rgxc5 Bxc5 40. Rxc5 Bd3
41. Be3 Nf4 42. Bxf4 Rxa7 $11) 25. Rxg2 Rxd4 26. Bg5 Bxg5 27. Rxg5 $13) 23...
c5 (23... Bxa3 24. Rb1 $1 $16 {This move is better than any other one.} ({
Jaan declined to enter this line because he thought that white could win a
piece.} 24. Ra1 $2 Bb2 25. Rb1 Bxd4 26. Bxa4 bxa4 27. Rxb7 Nc5 {But after this
black's a pawn is unstoppable.} 28. Rb4 a3 $19) (24. Bxa4 {was my intention.}
bxa4 25. Ra1 Bb2 26. Rxa4 c5 27. d5 Ba6 (27... Ne5 $2 28. Rxg2 Nd3+ 29. Kd1 $16
) 28. Rxg2 Re8 29. f3 Ne5 30. Kf2 Bd4+ 31. Kg3 Bb5 32. Ra2 Bc4 33. Bf4 Bxa2 34.
Rxa2 Nd3 35. a6 $44)) 24. Rxg2 (24. d5 $2 Ne5 25. Rxg2 Nf3+ 26. Ke2 Nd4+ 27.
Kf1 Ba6 $17) 24... cxd4 25. Bg5 $1 $138 Nf6 $4 $138 {An unforced error in time
trouble.} (25... Bxg5 $1 26. Rxg5 (26. Bb3+ Kf8 27. Rxg5 Nc3 28. f3 Ra8 29. Kd2
Bxe4 30. Rcg1 $40) 26... Nc3 27. f3 Rf8 (27... Ra8 $2 28. Kd2 $40) 28. Bb3+ Kh7
29. Rc2 Rxf3 30. Rcg2 Re3+ 31. Kf1 Rf3+ 32. Ke1 Re3+ $11) (25... Re8 $6 26.
Bb3+ Kf8 (26... Kh7 27. Rc7 $40 {is no different.}) 27. Rc7 Bxe4 28. Bxe7+ Rxe7
29. Rc8+ Re8 30. Rxe8+ Kxe8 31. Rxg7 Nc3 32. Kd2 Ne5 33. a6 $36 {and the a
pawn is very strong.}) 26. f3 $2 {Missing the tactical shot.Actually going
over variations earlier I have seen this motive but I have forgotten about it
when the postion occured over the board.} (26. a6 $1 Ba8 (26... Bxe4 27. Bxe4
Nxe4 28. Bxe7 $18) (26... Bxa6 27. Bxa4 bxa4 28. Bxf6 Bxf6 29. Rc6 Bd3 30. Rxf6
Bxe4 31. f3 $18) 27. Bxa4 bxa4 28. f3 Kf7 29. Rc4 $18) 26... Nc3 27. Bb3+ $2 {
An absolutely idiotic check.I have played the remaining moves in the game
without showing any spark of intelligence.} (27. Kd2 Kf8 28. Rcg1 Rd7 29. h4 $1
{and it is difficult to find a defence for black.} Bc6 (29... Bxa3 $2 30. Bxf6
gxf6 31. a6 Bxa6 32. Rg8+ Ke7 33. R1g7+ Kd6 34. Rxd7+ Kxd7 35. Ra8 $18) (29...
Nh5 $2 30. Bxe7+ Rxe7 31. Rg6 $16) 30. h5 $3 Nxh5 31. Rh1 $18) 27... Kf8 28.
Rd2 Ke8 {Black not only has a great position now but he nicely set up a threat
29...Nfe4.} 29. e5 $4 (29. h4 $8 Bxa3 (29... Nh5 30. Kf2 Bxg5 31. hxg5 Nf4 (
31... Ke7 32. Bd5 Bxd5 33. Rxd4 Bxe4 34. Rxd8 Kxd8 35. fxe4 Nxe4+ 36. Kf3 $18)
32. Rh1 $36) (29... Bd6 30. h5) (29... Rd7 30. Be6 Rd6 31. Bf5 $40) 30. Ra1 Bb4
(30... Be7 31. a6 Ra8 32. Rxd4 Rxa6 33. Rxa6 Bxa6 34. e5 Nh5 35. Bc2 Bxg5 36.
hxg5 Ke7 37. Rh4 Ng3 38. Rh7 $16) 31. a6 Bxe4 (31... Bxa6 32. e5 $1 $16) 32.
fxe4 Ncxe4 33. Ke2 {and this ending can easily turn out to be bad for black
because of the very strong a passer.} Nxd2 34. Bxd2 Bxd2 35. Kxd2 Ne4+ 36. Ke1
(36. Ke2 Ra8 37. Bc2 Nc5 38. Bd3 b4 39. Ra5 Nxd3 40. Kxd3 b3 $11) 36... Nc3 37.
a7 Ra8 38. Kd2 Kd8 39. Ra6 Kc8 40. Kd3 Kb7 41. Rg6 Kxa7 42. Kxd4 Ne2+ 43. Ke3
Re8+ $11) 29... Nh5 $2 {Forgetting about his threat.} (29... Nfe4 $1 30. Bxe7
Nxd2 31. Kxd2 Kxe7 32. Rg1 Kf8 (32... Bd5 $6 33. Bxd5 Nxd5 34. Rxg7+ Ke6 35. a6
Kxe5 36. a7 Kd6 37. Kd3 Ra8 38. Kxd4 Nc7 39. Rg6+ Ne6+ 40. Kc3 Rxa7 41. Kb4 $11
) 33. Rg4 $17 {Despite of all these abuse white's position was still resistent.
}) 30. Bxe7 Kxe7 31. Kf2 Nf4 32. h4 Bc8 $1 {Actually I have missed this move
too.Strangely I have thought that black was in a zugzwang.} 33. h5 $4 {It is
not only with the time trouble I believe I have become upset about the turn of
events.} (33. Rxd4 $8 {if you do not play this kind of move you are condemned
to lose.It was obviously only move to stay in the game.} Nd3+ (33... Rxd4 34.
Rxc3 Rd3 (34... Be6 $2 35. Ke3 Bxb3 36. Kxd4 Ne2+ 37. Kd3 Nxc3 38. Kxc3 $18)
35. Rxc8 Rxb3 36. a4 $3 $11) 34. Rxd3 Rxd3 35. Bc2 $44) 33... Bf5 $2 {He
allows it for a second time.} (33... Be6 $1 $19) 34. Rh1 $4 {Missing it for a
second time.Like Turks say grasshopper jumps once and then twice...} (34. Rxd4
Rxd4 35. Rxc3 Rd7 36. a6 Nxh5 37. Rc5 Ra7 38. Rxb5 Rxa6 39. Rb7+ Kd8 40. a4 $44
{is still tough.}) 34... Nd3+ 35. Kg3 Nc5 $5 $19 (35... Nxe5 $19 {was good
enough to win.}) 36. Bc2 $2 (36. Ba2 Ra8 $19) 36... d3 37. Bxd3 Bxd3 $1 {
Threatening the fork.Actually 3 pieces are too much for a rook.} 38. Kh4 $4 {
The last nail on my coffin!Even if I was in a very bad time trouble why did I
have to lose my f3 pawn?Blind!} Rd4+ 39. f4 Rxf4+ 40. Kh3 N3e4 41. Rg2 Ne6 42.
Kh2 N6g5 {I had to resign long time ago!} 43. Rb2 Rh4+ 44. Kg2 Rg4+ 0-1

[Event "Nis op"]
[Site "Nis"]
[Date "2017.07.01"]
[Round "5"]
[White "Stefanov, Emil"]
[Black "Atalik, Suat"]
[Result "1/2-1/2"]
[WhiteElo "2469"]
[BlackElo "2525"]
[Annotator "Atalik,S"]
[PlyCount "77"]
[EventDate "2017.06.27"]
[EventType "swiss"]
[EventRounds "9"]
[EventCountry "YUG"]
[SourceTitle "CBM 180"]
[Source "ChessBase"]
[SourceDate "2017.09.13"]
[SourceVersion "1"]
[SourceVersionDate "2017.09.13"]
[SourceQuality "1"]

1. d4 d5 2. c4 c6 3. Nc3 Nf6 4. e3 e6 5. Nf3 Nbd7 6. Bd3 dxc4 7. Bxc4 b5 8. Bd3
b4 $5 {I decided to go for the Lundin Line.} 9. Na4 {A strange decision,} ({
since the main line is} 9. Ne4 Nxe4 10. Bxe4 Bb7 11. O-O (11. Qa4 Qb6 12. Nd2 (
12. O-O Be7) 12... Rc8) 11... Bd6 $13) 9... c5 10. O-O Bb7 ({An objectively
better try is} 10... cxd4 $142 11. Nxd4 Bb7) 11. dxc5 Bxc5 ({There is no need
for} 11... Nxc5 $6 12. Bb5+ Ncd7 13. Ne5 Qc7 14. Qd4 Rd8 15. Bd2 Qa5 16. Bc6
Be7 $1 {Kramnik-Topalov, WCH (m/8) 2006.}) 12. Nxc5 Nxc5 13. Bb5+ Ke7 {I had
already had this position more than 20 years ago: Karagiannis-Atalik,S,
Ilioupolis 1995.} 14. Bd2 (14. Qe2 Qb6 15. e4 $5 $146) (14. Nd4 Qd5 15. f3 Rhd8
16. Qe1 a5 17. b3 Kf8 18. Bb2 e5 19. Nf5 (19. e4 Qd6) 19... Qe6 $13) 14... a5 (
14... Qb6 $5 15. Qe2 a5) 15. a3 (15. Nd4 Qd5 16. f3) 15... Bxf3 $146 {An over
the board novelty with which the engines agree.} 16. gxf3 (16. Qxf3 $2 Qxd2 17.
Rac1 Ncd7 18. Rfd1 Qxb2) 16... Qd5 17. Qe2 $6 ({I was more concerned about} 17.
axb4 Nb3 18. Bc6 Qxc6 19. Qxb3 Rhd8 (19... Qxf3 $6 20. Qd1 $1 Qxd1 21. Rfxd1
$16) 20. Bc3 Qxf3 21. bxa5 Ne4 $11) 17... Nb3 18. Rad1 Qg5+ 19. Kh1 Rhd8 20.
Bd3 $6 {Draw offer.} (20. Rg1 Qh5 21. Be1 Rxd1 22. Qxd1 Rd8 (22... Qxb5 23.
Qxb3) 23. Qe2 bxa3 24. bxa3 Nc1 25. Qc4 Qxf3+ 26. Rg2 $11) 20... Qh5 21. Kg2 (
21. Be1 bxa3 22. bxa3 Rac8 $40) 21... Rd5 (21... Nxd2 22. Rxd2 Rd5 $40) (21...
bxa3 22. bxa3 Rd5 23. Be1) 22. e4 $6 Nxd2 23. Rxd2 Rg5+ $2 {It is very strange
that I rejected a double rook ending with a clear pawn up.} (23... Nxe4 $1 24.
fxe4 Qxe2 25. Rxe2 Rxd3 26. axb4 axb4 27. Rc1 $17) 24. Kh1 Rd8 $6 (24... Qh4
25. Rg1 Rxg1+ 26. Kxg1 Qg5+ 27. Kh1 bxa3 28. bxa3 Rb8 29. Rd1 Nh5 $17) 25. Qe3
$1 h6 $2 (25... bxa3 26. bxa3 Rc5) 26. axb4 axb4 27. Be2 Qh3 28. Qa7+ $2 ({
Emil failed to see} 28. Rg1 $1 Ng4 29. Rxg4 Rxg4 30. Qc5+ Kf6 31. e5+ Kg5 32.
fxg4 Rxd2 33. Qc1 $1 $18 {We both thought in time trouble that ...Ng4? was
actually winning.}) 28... Rd7 29. Rxd7+ Nxd7 30. Rg1 Rxg1+ 31. Kxg1 Qh5 32. Qd4
$1 $11 (32. Qe3 $2 Qe5) 32... Qg5+ 33. Kf1 b3 $5 (33... Qc1+ 34. Kg2 Qg5+ $11)
34. Qb4+ Qc5 (34... Nc5 $2 35. f4) 35. Qxb3 Qc1+ 36. Kg2 {Emil decided to call
it a day,} ({but he could have played on:} 36. Bd1 Qd2 (36... Qf4 $6 37. Qa3+
Kf6 38. Qc3+ Ne5 39. b4) 37. Qa3+ (37. Qc2 Qd6) 37... Kf6 38. Qc3+ Qxc3 39.
bxc3 Ke5 40. Ke2 Nc5 41. Ke3 g5 $11 {and there is no way through for White's
king.}) 36... Qg5+ 37. Kf1 Qf4 38. Kg1 Qg5+ 39. Kf1 1/2-1/2

[Event "SLO-chT 12th"]
[Site "Bled"]
[Date "2002.11.22"]
[Round "7"]
[White "Atalik, Suat"]
[Black "Tukmakov, Vladimir B"]
[Result "1/2-1/2"]
[WhiteElo "2575"]
[BlackElo "2568"]
[Annotator "Atalik,S"]
[PlyCount "35"]
[EventDate "2002.11.18"]
[EventType "team-tourn"]
[EventRounds "9"]
[EventCountry "SLO"]
[SourceTitle "CBM 092"]
[Source "ChessBase"]
[SourceDate "2003.02.06"]
[SourceVersion "1"]
[SourceVersionDate "2003.02.06"]
[SourceQuality "1"]
[WhiteTeam "Ptuj"]
[BlackTeam "Maribor Nova KBM Kovinar"]
[WhiteTeamCountry "SLO"]
[BlackTeamCountry "SLO"]

1. d4 d5 2. c4 c6 3. Nc3 Nf6 4. e3 e6 {GM Tukmakov sticks to his Meran.} 5. Nf3
Nbd7 6. Bd3 {Perhaps I have to check more " Eingorn's System".} dxc4 7. Bxc4 b5
8. Bd3 Bb7 9. e4 b4 10. Na4 c5 11. e5 Nd5 12. O-O cxd4 {This is not the only
move.} (12... h6 13. Re1 a6) 13. Re1 g6 14. Bg5 Be7 $5 {A Tukmakov's
speciality with both colors!} 15. Bh6 Bf8 16. Bg5 {I have lost my balls or
what?} (16. Bxf8 Kxf8 17. Bb5 Kg7 18. Qxd4 N5b6 $1 $11) 16... Be7 17. Bh6 Bf8 {
I was happy with a draw after my 80 moves game with GM Stevic in the morning.
Anyway i drew a great player.} 18. Bg5 1/2-1/2

[Event "Budapest FS04 GM-A"]
[Site "Budapest"]
[Date "2002.04.09"]
[Round "8"]
[White "Flumbort, Andras"]
[Black "Gonda, Laszlo"]
[Result "1-0"]
[WhiteElo "2414"]
[BlackElo "2359"]
[Annotator "Atlas,V"]
[PlyCount "65"]
[EventDate "2002.04.02"]
[EventType "tourn"]
[EventRounds "13"]
[EventCountry "HUN"]
[EventCategory "9"]
[SourceTitle "CBM 089"]
[Source "ChessBase"]
[SourceDate "2002.08.12"]
[SourceVersion "1"]
[SourceVersionDate "2002.08.12"]
[SourceQuality "1"]

1. d4 d5 2. c4 c6 3. Nf3 Nf6 4. Nc3 e6 5. e3 Nbd7 6. Bd3 dxc4 7. Bxc4 b5 8. Bd3
Bb7 9. e4 b4 10. Na4 c5 11. e5 Nd5 12. O-O cxd4 13. Re1 a6 14. Nxd4 g6 15. Qg4
N7b6 16. Bg5 Qd7 17. Nxb6 Nxb6 18. Bf6 h5 $2 ({Essential was} 18... Rg8) {
[%tqu "En","Black has been rather careless. How can White highlight this?",
"Exploit a shaky position of the h8-rook.","Play energetically not to allow
Black any time for defence.","g4e6","This terrific blow yields White a
decisive material advantage.",5]} 19. Qxe6+ $1 {[%csl Rg6,Rh8][%cal Gd4e6,
Gd3g6,Gf6h8] After this spectacular sacrifice Black is doomed.} fxe6 (19...
Qxe6 20. Nxe6 {loses as well.}) 20. Bxg6+ Qf7 21. Bxf7+ Kxf7 22. Bxh8 Bc5 23.
Nb3 Be7 24. Bf6 Bxf6 25. exf6 Kxf6 26. Nc5 Bd5 27. Nd3 Rg8 28. Nf4 Kf5 29. Nxd5
Nxd5 30. g3 Nf4 31. Kf1 Nd3 32. Re3 Nc5 33. Rc1 1-0

[Event "ISR-ch"]
[Site "Ramat Aviv/Modiin"]
[Date "2000.12.22"]
[Round "6"]
[White "Avrukh, Boris"]
[Black "Kaspi, Alexander"]
[Result "1-0"]
[WhiteElo "2630"]
[BlackElo "2488"]
[Annotator "Avrukh,B"]
[PlyCount "65"]
[EventDate "2000.12.17"]
[EventType "tourn"]
[EventRounds "11"]
[EventCountry "ISR"]
[EventCategory "11"]
[SourceTitle "CBM 081"]
[Source "ChessBase"]
[SourceDate "2001.03.20"]
[SourceVersion "1"]
[SourceVersionDate "2001.03.20"]
[SourceQuality "1"]

{[%mdl 1] RR} 1. d4 {Lutz} d5 2. c4 c6 3. Nc3 Nf6 4. e3 e6 5. Nf3 Nbd7 6. Bd3
dxc4 7. Bxc4 b5 8. Bd3 b4 9. Ne4 Be7 10. O-O Bb7 11. Nxf6+ Nxf6 12. e4 c5 {
This line has not so bad reputation according to the theory,but stangely
enough is a very rare guest in our days. '!?' Lutz. Lutz: 'Ein sehr seltener
Zug.'} ({Die Hauptvariante ist} 12... O-O {Lutz} 13. e5 Nd7) 13. Qa4+ $5 $146 {
[%mdl 8] Interesting novelty white - sacrifices central pawn (typical idea in
such a kind of positions) and will try to use a bad position of black king. 
Lutz: 'Dieses Schach ist eine Neuerung, die wahrscheinlich den Schwarzspielern
die Lust an 12...c5?! nehmen wird. In den wenigen Vorgängerpartien wurde meist
13.Bb5+ gespielt.'} (13. dxc5 Bxc5 14. Bg5 h6 15. Bh4 Qb6 16. Qe2 O-O 17. Ne5 {
[%cal Gh4f6,Ge5d7]} Qc7 18. Bg3 Qe7 19. Rac1 Rac8 20. Nc4 Rfd8 $11 {1-0
Olafsson,H-Rodgaard,J/Munkebo 1998/CBM 67/[Hecht] (46)}) (13. e5 $5 Nd5 14.
dxc5 Bxc5 15. Ng5 Qd7 (15... Qc7 $142 16. Qh5 g6 17. Qf3 O-O 18. Qh3 h5 $13)
16. Ne4 Be7 17. Qg4 Kf8 18. Bg5 $36 {Gheorghiu,F-Savon,V/Moscow/1971/0,5/44/} (
18. Bg5 {Lutz} h5 19. Qh4 Bxg5 20. Nxg5 Qe7 21. Be4 g6 22. Rad1 Kg7 23. Rd3
Rac8 24. Rf3 Rhf8 25. b3 Rc3 26. Rf6 Nxf6 27. exf6+ Qxf6 28. Bxb7 Rc2 29. Qe4
Rxa2 30. h4 Rb8 31. Bc6 Ra1 32. g3 a5 33. Nf3 Rxf1+ 34. Kxf1 Qf5 35. Qxf5 gxf5
36. Ne5 Rc8 37. Ba4 Kf6 38. Nc4 Rc5 39. Ke2 e5 40. Ke3 Ke6 41. Kd3 Rd5+ 42. Ke3
Rc5 43. Kd3 e4+ 44. Ke3 {1/2-1/2 Gheorghiu,F-Savon,V/Moscow 1971/MCL (44)})) (
13. Bb5+ {Lutz} Kf8 14. e5 Nd5 15. dxc5 Bxc5 16. Ng5 h6 17. Qh5 Qc7 18. Bd3 Kg8
19. Ne4 Be7 $13 {0-1 Horvath,C-Bacrot,E/Balatonbereny 1996/CBM 55/[Lutz] (40)})
13... Kf8 (13... Nd7 {Lutz} 14. Ne5 {ist sehr unangenehm.}) 14. Re1 {Lutz:
'Weiß ist nun nicht zu e4-e5 gezwungen (im Vergleich zu der Stellung nach 13.
Bb5+ Kf8).'} h6 $2 {I think the decisive mistake, after which black is
hopeless against the white intiative.  Lutz: 'Ein glatter Tempoverlust.'} (
14... cxd4 $142 15. Bg5 $1 $44 (15. Bd2 a5 16. Rac1 Nd7) (15. Bf4 Nd7 $11 {
Lutz: 'hat Schwarz Gegenspiel.'}) 15... Nd7 (15... h6 16. Bh4) (15... Qb6 16.
Rac1 $44) 16. Bxe7+ Qxe7 17. Qb5 Nc5 18. Ne5 Rc8 19. Rac1 $36 {[%csl Gf8]}) 15.
Bf4 cxd4 16. Rac1 $1 {[%cal Gc1c7] /\Rc7} Ne8 {[%csl Gc7]} 17. Rc4 $16 {
[%csl Gd4] White wins back the central pawn and black still cannot do anything
against white attack with equal material.  Lutz: 'Nun ist klar, dass das
schwarze Eröffnungsexperiment fehlgeschlagen ist.'} a5 (17... Qb6 18. Be5 $1 {
[%cal Ge5d4]}) 18. Rxd4 Qb6 {[%cal Ge7c5]} 19. Be3 Bc5 20. Ne5 $1 Nf6 (20...
Bc8 21. Rd7) (20... Kg8 {Lutz} 21. Nd7 Qc7 22. Nxc5 Qxc5 23. Rc1 {, und Weiß
dringt mit dem Turm nach d7 ein.}) 21. Rd7 $1 {'+-!' Lutz.} Bxe3 22. Rxf7+ Kg8
23. Rxe3 Qc5 (23... Rd8 24. Rxf6 $5 gxf6 25. Rg3+ Kf8 (25... Kh7 26. Nd7 $18)
26. Qd7 $3 $18) 24. Rg3 $1 (24. Rxb7 Qxe5 $16 25. Rxb4 $140 Ng4 26. Rg3 Qf4 27.
Rxg4 Qxg4 $16) 24... Nh5 {Lutz: 'Aufgabe: Matt in 11 Zügen !'} 25. Rgxg7+ $3 {
'!' Lutz.} (25. Qd1 $5 {Lutz ist auch nicht schlecht, führt aber nur zu
Damengewinn.} Qxe5 (25... Nxg3 26. Rxg7+ Kxg7 27. Qg4+ {nebst Damengewinn.})
26. Qxh5 Qxh5 27. Rgxg7#) 25... Nxg7 26. Rxg7+ Kxg7 27. Qd7+ Kf6 28. Ng4+ Kg6 (
28... Kg5 29. Qg7+ Kf4 30. g3+ Kf3 31. Qf6+ Kxg4 32. Qh4+ Kf3 33. Qf4#) 29. e5+
Be4 (29... Kg5 30. Qg7+ Kf4 31. Qf6+ Kxg4 32. h3+ Kh5 33. g4#) 30. Bxe4+ Kg5
31. Qd2+ $1 Kxg4 32. h3+ Kh5 33. Qe2+ 1-0